Lo que la vida enseña: veinte autobiografías contemporáneas /

En esta obra se reunen 20 autobiografías de importantes personajes contemporáneos, de varios países del mundo: Cardenal Agustín Bea, Danilo Dolci, Constantino A. Doxiadis, Ilya Ehrenburg, D. Ei senhower, R. Buckminster Fuller, James M. Gavin, Harry Golden, Eric Hoffer, R. Maynard Hutchins, Horace Me...

Descripción completa

Guardado en:
Detalles Bibliográficos
Autor principal: Cousins, Norman (comp.)
Formato: Libro
Idioma:Español
Temas:
Etiquetas: Agrega una etiqueta
Sin etiquetas, Sé el primero en etiquetar este registro!

MARC

LEADER 00000nam^a2200000^a^4500
001 000038588
005 20250521000000.0
009 20260310085511.536
037 |a Acervo ITESO - Biblioteca 
041 |a ESP 
082 |a 920.  |b COU 
100 |a Cousins, Norman  |e (comp.) 
245 1 0 |a Lo que la vida enseña: veinte autobiografías contemporáneas /  |c N. Cousins (Comp.).; tr. por: Daniel Vieitez. 
264 |a México :  |b Pax,  |c 1970 
300 |a 329 p. 
336 |a texto  |b txt  |2 rdacontenido 
337 |a sin mediación  |b n  |2 rdamedio 
338 |a volumen  |b nc  |2 rdasoporte 
500 |a Traducción de: What i have learned 
520 |a En esta obra se reunen 20 autobiografías de importantes personajes contemporáneos, de varios países del mundo: Cardenal Agustín Bea, Danilo Dolci, Constantino A. Doxiadis, Ilya Ehrenburg, D. Ei senhower, R. Buckminster Fuller, James M. Gavin, Harry Golden, Eric Hoffer, R. Maynard Hutchins, Horace Meyer Kallen, Salvador de Madariaga, Robert Moses, Reinhold Niebuhr, Alan Paton, Chakravarti Rajagopalachari, Sir Herbert Read, Josef Hans Thirring, Warren Weaver, John F. Wharton. 
649 |a XX 
650 |a Biografías 
650 |a Memorias 
650 |a Historia Moderna 
910 |a Fondo General 
920 |a Impresos - Libros 
930 |a Colección General 
905 |a 101 
901 |a 0385880100  |b IT1  |c ACC  |i 038588  |u 20250521 
902 |a https://opac.biblio.iteso.mx/vufind/Record/000038588